Formularis de tramitació d'expedients d'activitats /
Descripción Física:
401 pàgines : il·lustracions ; 30 cm
Idioma:
Catalán
MARC
| LEADER | 00000nam a2200000 i 4500 | ||
|---|---|---|---|
| 001 | 26021 | ||
| 005 | 20260324181125.0 | ||
| 008 | 161221e201610 spc|||| ||||o0|0 0 cat| | ||
| 017 | |a DL B 20792-2016 |b Biblioteca de Catalunya | ||
| 080 | |a Bib-697 | ||
| 100 | |a Escudé Mestre, Montserrat |e autor |9 53555 | ||
| 245 | 1 | 0 | |a Formularis de tramitació d'expedients d'activitats / |c autora: Montserrat Escudé Mestre |
| 250 | |a 1a edició | ||
| 264 | 1 | |a [Barcelona] : |b Diputació de Barcelona, |c octubre 2016 | |
| 300 | |a 401 pàgines : |b il·lustracions ; |c 30 cm | ||
| 336 | |a text |b txt |2 rdacontent | ||
| 337 | |a sense mediació |b n |2 rdamedia | ||
| 338 | |a volum |b nc |2 rdacarrier | ||
| 650 | 0 | |a Formularis administratius |2 Arxiu |9 27526 | |
| 650 | 0 | |a Administració local |z Catalunya |x Planificació |2 Arxiu |9 49784 | |
| 710 | 1 | |a Barcelona (Catalunya : Província). |b Diputació |9 52408 | |
| 908 | |a BC | ||
| 940 | |a BC | ||
| 942 | |2 udc |c ARXIU |n 1 | ||
| 952 | |0 0 |1 0 |4 0 |6 BIB697 |7 1 |9 62491 |a Arxiu |b Arxiu |d 2022-06-21 |l 0 |o Bib-697 |p 26021 |r 2022-06-21 00:00:00 |w 2022-06-21 |y ARXIU | ||
| 999 | |c 82104 |d 82104 | ||